<?xml version="1.0" encoding="UTF-8"?>
<record
    xmlns:xsi="http://www.w3.org/2001/XMLSchema-instance"
    xsi:schemaLocation="http://www.loc.gov/MARC21/slim http://www.loc.gov/standards/marcxml/schema/MARC21slim.xsd"
    xmlns="http://www.loc.gov/MARC21/slim">

  <leader>01894    a2200229   4500</leader>
  <controlfield tag="001">28197</controlfield>
  <controlfield tag="005">20260407155554.0</controlfield>
  <controlfield tag="008">260407a1963    arg                 spa d</controlfield>
  <controlfield tag="003">AR-UNSa-BCEJYS</controlfield>
  <datafield tag="040" ind1=" " ind2=" ">
    <subfield code="a">AR-UNSa-BCEJYS</subfield>
    <subfield code="b">spa</subfield>
    <subfield code="c">AR-UNSa-BCEJYS</subfield>
  </datafield>
  <datafield tag="080" ind1=" " ind2=" ">
    <subfield code="a">657</subfield>
    <subfield code="x">Contabilidad</subfield>
  </datafield>
  <datafield tag="245" ind1="1" ind2="0">
    <subfield code="a">Curso de contabilidad</subfield>
    <subfield code="p">Intermedia</subfield>
  </datafield>
  <datafield tag="250" ind1=" " ind2=" ">
    <subfield code="a">2a. ed</subfield>
  </datafield>
  <datafield tag="264" ind1=" " ind2="1">
    <subfield code="a">M&#xE9;xico :</subfield>
    <subfield code="b">Uni&#xF3;n Tipogr&#xE1;fica Editorial Hispano-Americana (UTEHA)</subfield>
    <subfield code="c">1963</subfield>
  </datafield>
  <datafield tag="300" ind1=" " ind2=" ">
    <subfield code="a">2 v.(979; 560 p.)</subfield>
    <subfield code="c">23 cm.</subfield>
  </datafield>
  <datafield tag="505" ind1=" " ind2=" ">
    <subfield code="a">Vol. I: Teor&#xED;a y preguntas y problemas: 1. Procedimiento de contabilidad - 2. Hojas de trabajo. Procedimientos de cierre - 3. Estados financieros - 4. Concepto de la utilidad neta y correcciones a los resultados de ejercicios anteriores - 5. Capital social - 6. Super&#xE1;vit y dividendos - 7. T&#xF3;picos diversos relacionados con el capital contable - 8. Principios de contabilidad generalmente aceptados - 9. Efectivo - 10. Partidas a cobrar - 11. Inventarios - 12. Inventarios (continuaci&#xF3;n) - 13. Inventarios (concluye) - 14. Inversiones - 15. Inversiones (concluye) - 16. Activo fijo tangible - 17. Activo fijo tangible (contin&#xFA;a) - 18. Activo fijo tangible (concluye) - 19. Activo intangible - 20. Pasivo y reservas - 21. Interpretaci&#xF3;n de los estados financieros - 22. El an&#xE1;lisis del capital de trabajo - 23. An&#xE1;lisis de las operaciones - 24. Estado de aplicaci&#xF3;n de fondos - 25. Estado de la corriente de efectivo - 26. Estados preparados de registros incompletos - 27. Cuasi-reorganizacioes. Combinaciones de negocios. Reorganizaciones divisivas - 28. Distribuci&#xF3;n de impuesto sobre la renta - 29. Impacto del nivel de los precios sobre los estados financieros -- Vol. II: Soluciones a los problemas y respuestas a las preguntas</subfield>
  </datafield>
  <datafield tag="942" ind1=" " ind2=" ">
    <subfield code="c">BK</subfield>
  </datafield>
  <datafield tag="590" ind1=" " ind2=" ">
    <subfield code="a">niveau_biblio:m niveau_hierar:0</subfield>
  </datafield>
  <datafield tag="100" ind1="1" ind2=" ">
    <subfield code="a">Finney, H.A.</subfield>
  </datafield>
  <datafield tag="700" ind1="1" ind2=" ">
    <subfield code="a">Miller, Herbert E.</subfield>
  </datafield>
  <datafield tag="700" ind1="1" ind2=" ">
    <subfield code="a">Guasch Rubio, Luis</subfield>
  </datafield>
  <datafield tag="999" ind1=" " ind2=" ">
    <subfield code="c">1671</subfield>
    <subfield code="d">1671</subfield>
  </datafield>
  <datafield tag="952" ind1=" " ind2=" ">
    <subfield code="0">0</subfield>
    <subfield code="1">0</subfield>
    <subfield code="4">0</subfield>
    <subfield code="7">0</subfield>
    <subfield code="a">BCEJYS</subfield>
    <subfield code="b">BCEJYS</subfield>
    <subfield code="c">16</subfield>
    <subfield code="d">2026-04-07</subfield>
    <subfield code="l">0</subfield>
    <subfield code="o">657 B582 v.3 2ed.</subfield>
    <subfield code="p">L22354</subfield>
    <subfield code="r">2026-04-07 15:55:54</subfield>
    <subfield code="w">2026-04-07</subfield>
    <subfield code="y">L</subfield>
  </datafield>
  <datafield tag="952" ind1=" " ind2=" ">
    <subfield code="0">0</subfield>
    <subfield code="1">0</subfield>
    <subfield code="4">0</subfield>
    <subfield code="7">0</subfield>
    <subfield code="a">BCEJYS</subfield>
    <subfield code="b">BCEJYS</subfield>
    <subfield code="c">16</subfield>
    <subfield code="d">2026-04-07</subfield>
    <subfield code="l">0</subfield>
    <subfield code="o">657 B582 v.3 2ed.</subfield>
    <subfield code="p">L24548</subfield>
    <subfield code="r">2026-04-07 15:55:54</subfield>
    <subfield code="w">2026-04-07</subfield>
    <subfield code="y">L</subfield>
  </datafield>
  <datafield tag="952" ind1=" " ind2=" ">
    <subfield code="0">0</subfield>
    <subfield code="1">0</subfield>
    <subfield code="4">0</subfield>
    <subfield code="7">0</subfield>
    <subfield code="a">BCEJYS</subfield>
    <subfield code="b">BCEJYS</subfield>
    <subfield code="c">16</subfield>
    <subfield code="d">2026-04-07</subfield>
    <subfield code="l">0</subfield>
    <subfield code="o">657 B582 v.4 2ed.</subfield>
    <subfield code="p">L22355</subfield>
    <subfield code="r">2026-04-07 15:55:54</subfield>
    <subfield code="w">2026-04-07</subfield>
    <subfield code="y">L</subfield>
  </datafield>
  <datafield tag="952" ind1=" " ind2=" ">
    <subfield code="0">0</subfield>
    <subfield code="1">0</subfield>
    <subfield code="4">0</subfield>
    <subfield code="7">0</subfield>
    <subfield code="a">BCEJYS</subfield>
    <subfield code="b">BCEJYS</subfield>
    <subfield code="c">16</subfield>
    <subfield code="d">2026-04-07</subfield>
    <subfield code="l">0</subfield>
    <subfield code="o">657 B582 v.4 2ed.</subfield>
    <subfield code="p">L24549</subfield>
    <subfield code="r">2026-04-07 15:55:54</subfield>
    <subfield code="w">2026-04-07</subfield>
    <subfield code="y">L</subfield>
  </datafield>
</record>
